Oltre il Covid. 365 idee per superare la crisi (Record n. 359241)
[ formato base ]
| 000 -LEADER | |
|---|---|
| campo di controllo lung. fissa | 01213nam a22002057a 4500 |
| 003 - Identificatore del numero di controllo | |
| campo di controllo | IT-MiCISF |
| 005 - Data e orario dell'ultima transazione | |
| campo di controllo | 20210503154105.0 |
| 008 - Elementi di lunghezza fissa--Informazione generale | |
| campo di controllo lung. fissa | 210503b ||||| |||| 00| 0 eng d |
| 040 ## - Fonte della catalogazione | |
| Agenzia che fa la trascrizione | IT-MiCISF |
| 041 ## - Codice di lingua | |
| Codice di lingua del testo/traccia sonora o titolo separato | it |
| 100 ## - Accesso principale -- nome di persona | |
| Nome di persona | Scarsi Paola |
| 9 (RLIN) | 58891 |
| 245 ## - Formulazione del titolo | |
| Titolo | Oltre il Covid. 365 idee per superare la crisi |
| 260 ## - Pubblicazione, distribuzione, ecc. (stampa) | |
| Luogo di pubblicazione, distribuzione, ecc. | Genova |
| Nome dell'editore, distributore, ecc. | Erga Edizioni |
| Data di pubblicazione, distribuzione, ecc. | 2020 |
| 300 ## - Descrizione fisica | |
| Estensione | pp. 137 |
| 500 ## - Nota generale | |
| Nota generale | società, malattia, esperienze, lavoro |
| 520 ## - Riassunto, ecc. | |
| Nota di riassunto, ecc. | Questo libro racconta il genio e la creatività italici, la capacità innata di far fronte alle difficoltà e di superarle in maniera semplice, singolare, innovativa. Intuizione? Fortuna? Impegno? Ultima chance? Passione? Abilità? Rischio? Momento giusto? Un pizzico di ciascun ingrediente ha permesso a tante imprese grandi e piccole di fronteggiare la crisi da coronavirus. Questo primo catalogo di soluzioni impresa è un antistress, un sostegno, un impulso e un personalissimo work in progress che inizia dagli spazi lasciati bianchi nel libro - per appuntare le proprie idee - e prosegue in rete nel blog dedicato. Perché anche il lettore, come loro, può innovare e riuscire. |
| 650 ## - Accesso aggiunto di soggetto--termine topico | |
| Termine topico o nome geografico come accesso | società |
| 9 (RLIN) | 56109 |
| 654 ## - Accesso aggiunto di soggetto--termini topici faccettati | |
| Termine principale | divulgazione |
| 942 ## - Dati aggiuntivi (Koha) | |
| Fonte della classificazione o dello schema di collocazione (segnatura) | Dewey Decimal Classification |
| Tipo copia default (Koha) | LIBRO |
| Ritirato (status) | Perso (status) | Fonte della classificazione o dello schema di collocazione (segnatura) | Danneggiato (status) | Non per il presito | Biblioteca proprietaria | Biblioteca in cui si trova | Data d'acquisizione | Totale prestiti | Collocazione | Codice a barre | Data ultima operazione | Prezzo in vigore dal | Tipo copia default (Koha) |
|---|---|---|---|---|---|---|---|---|---|---|---|---|---|
| Dewey Decimal Classification | Buone Condizioni | Not For Loan | CISF - Milano | CISF - Milano | 03/05/2021 | b7664 | 9788832981995 | 03/05/2021 | 03/05/2021 | LIBRO |